All Incorporated Municipalities of Niagara County, New York - Statistics

General Stats
  • This quiz has been taken 11 times
  • The average score is 16 of 20
Answer Stats
Answer % Correct
Lewiston
100%
Lewiston
100%
Niagara
100%
Niagara Falls
100%
North Tonawanda
100%
Lockport
86%
Lockport
86%
Somerset
86%
Youngstown
86%
Barker
71%
Cambria
71%
Hartland
71%
Newfane
71%
Pendleton
71%
Porter
71%
Royalton
71%
Wilson
71%
Wilson
71%
Wheatfield
57%
Middleport
43%
No matching quizzes found
Score Distribution
Percent of People with Each Score
Percentile by Number Answered
Your Score History
You have not taken this quiz